1460 1954 1918 1157 1510 1055 1101 1719 1072 1434 1946 1117 1170 1469 1339 1580 1262 1048 1163 1581 1778 1331 1783 1914 1940 1361 1366 1819 1004 1226 1131 1142 1339 1572 1397 1177 1790 1054 1558 1428 1317 1382 1267 1220 1490 1614 1252 1013 1948 1095 1740 1519 1780 1102 1542 1835 1319 1542 1418 1857 1208 1529 1227 1052 1129 1520 1420 1398 1612 1538 1031 1013 1590 1938 1317 1917 1265 1987 1989 1668 1187 1986 1226 1809 1885 1993 1720 1266 1561 1318 1998 1404 1681 1756 1429 1787 1612 1224 1157 BCNSPRNW ULIB Ver.6.0+V

เปลี่ยนเป็นภาษาไทย

Change to English
 แสดงรายละเอียดบรรณานุกรม
  กลับหน้าหลัก

Brief Record : Get Marc (ISO 2709) : E-mail record : QR code < ปิดหน้าต่าง
LEADER : 00000nam 2200000uu 4500
001    13399124497
003     ULIB
008    150810s2557||||th 000 0 tha d
020    ^a9786163742032
060  4 ^aQS4^bณ342บ
100    ^aณัฐพล รัตนธรรมสกุล
245    ^aAnatomy Workbook I :^bบททดสอบตนเองกายวิภาคศาสตร์ เล่ม 1/^cณัฐพล รัตนธรรมสกุล และคณะ
250    ^aพิมพ์ครั้งที่ 2
260    ^aกรุงเทพฯ :^bภาควิชากายวิภาคศาสตร์ คณะแพทยศาสตร์ศิริราชพยาบาล มหาวิทยาลัยมหิดล,^c2557
300    ^a259 หน้า;^b26 ซม.
650    ^aกายวิภาคศาสตร์^xแบบทดสอบ
700    ^aสุพิน ชมภูพงษฺ์
700    ^aรังสฤษฏ์ สุนัน
700    ^aพีรพร วรินทรา
710    ^aมหาวิทยาลัยมหิดล.^bคณะแพทยศาสตร์ศิริราชพยาบาล.^bภาควิชากายวิภาคศาสตร์.
945    ^p295^l0^i039769
945    ^p295^l0^i039770
999    ^aเกษร โพธิ์สุวรรณ
รายการนี้ยังไม่มีแท็ก
คุณยังไม่ได้ล็อกอิน คุณสามารถมีกิจกรรมร่วมกับเว็บไซต์ได้ แต่ต้องล็อกอินก่อน ::
  ล็อกอิน

รายการสื่อสารสนเทศ

ลำดับที่ ประเภท เลขเรียก/บาร์โค้ด สถานที่ สถานะ
1. วิทยาศาสตร์การแพทย์ และสุขภาพ
วิทยาศาสตร์การแพทย์ และสุขภาพ
สถานะ=หนังสือเก่า
QS4 ณ342บ ฉ.1 
  Barcode: 039769
ห้องสมุดวิทยาเขตสวรรค์ประชารักษ์
►ส่วนจัดเก็บหนังสือเก่า สปร
บนชั้น
  ขอยืม
2. วิทยาศาสตร์การแพทย์ และสุขภาพ
วิทยาศาสตร์การแพทย์ และสุขภาพ
สถานะ=หนังสือเก่า
QS4 ณ342บ ฉ.2 
  Barcode: 039770
ห้องสมุดวิทยาเขตสวรรค์ประชารักษ์
►ส่วนจัดเก็บหนังสือเก่า สปร
บนชั้น
  ขอยืม

รายการใกล้เคียง
    ผู้แต่ง [ณัฐพล รัตนธรรมสกุล]

BibComment


ยังไม่เคยถูกคอมเมนท์

คอมเมนท์ทรัพยากรรายการนี้
  คอมเมนท์: Anatomy Workbook..


 Copyright 2026. Bcnsprnw @Library